000 00685nam a2200253Ia 4500
003 OSt
005 20220924132006.0
006 a|||||r|||| 00| 0
007 ta
008 220923b |||||||| |||| 00| 0 tel d
020 _cRs.15
024 _a344376
037 _cTextual
040 _aARTS
_cARTS
_btel
041 _2tel
_atel
082 _aO35,3NVE,22
100 _aKommari Venugopala Rao Au.
_9203488
245 0 _aUgave Uyyala
260 _aVijayawada-2
_bNava Bharath Book House India
_c1983
300 _a244p.
_ccm.
650 _aTELUGU LITERATURE
942 _hO35,3NVE,22
_cTEXL
_2CC
999 _c428926
_d428926